000 01290cab a22002655a 4500
001 L144919
008 080820e20080816xxka f g 000 0 eng d
035 _a(Sirsi) u144919
041 0 _aeng
100 1 _aBaloo, Zia
245 0 0 _aBetween the devil and the deep blue sea
260 _c2008
490 _aEstates Gazette
_v(0832) 16 August 2008, 76-78(3)
520 _aArticle discusses the legal ramifications of tenants holding over leases and investigates some of the relevant case law. The authors advise landlords to take care when demanding and accepting rent following the expiry of a lease, without leaving themselves open to loss of income. Advises that during the negotiation of a new lease the tenant will usually have the status of a tenant at will and suggests that both landlord and tenant should agree to this explicitly so as to clarify the rights and liabilities of all parties.
590 _aKA
650 2 4 _aLANDLORD AND TENANT ACT 1954 S26
650 2 4 _aDREAMGATE PROPERTIES LTD V ARNOT
650 2 4 _aJAVAD V AQIL
650 2 4 _aJONES V LONDON BOROUGH OF MERTON
650 2 4 _aLANDLORD AND TENANT ACT 1954 S25
651 4 _aEngland and Wales
_y1543-
690 _aPROPERTY-LANDLORD AND TENANT-LEASES-LEASE RENEWAL
700 1 _aMuncey, John
942 _n0
999 _c80643
_d80643